Statistiques concernant Plus jeunes Présidents de la République française

Cliquez ici pour prendre le quiz!

Statistiques générales

  • Ce quiz a été pris 313 fois
    (285 depuis la dernière actualisation)
  • Le résultat moyen est 7 sur 10

Statistiques - réponses

Age au début du mandatMandatPrésident% Correct
39 ans2017-Emmanuel Macron
100%
57 ans2012-2017François Hollande
96%
52 ans2007-2012Nicolas Sarkozy
94%
48 ans1974-1981Valéry Giscard d'Estaing
88%
56 ans1969-1974Georges Pompidou
84%
40 ans1848-1852Louis-Napoléon Bonaparte
75%
52 ans1913-1920Raymond Poincaré
56%
53 ans1895-1899Félix Faure
53%
50 ans1887-1894Sadi Carnot
49%
46 ans1894-1895Jean Casimir-Perier
38%

Distribution des résultats

Percentile par nombre de réponses

% des personnes avec chaque résultat

Votre développement - résultats

Vous n’avez pas pris ce quiz depuis la dernière actualisation